A companion to Donald Davidson (Record no. 41438)
[ view plain ]
| 000 -LEADER | |
|---|---|
| fixed length control field | 01379nam a2200325 a 4500 |
| 082 04 - DEWEY DECIMAL CLASSIFICATION NUMBER | |
| Classification number | 191 |
| 245 02 - TITLE STATEMENT | |
| Title | A companion to Donald Davidson |
| 260 ## - PUBLICATION, DISTRIBUTION, ETC. (IMPRINT) | |
| Place of publication | Chichester, West Sussex, U.K. : |
| Name of publisher | Wiley-Blackwell, |
| Year of publication | c2013. |
| 300 ## - PHYSICAL DESCRIPTION | |
| Number of Pages | 1 online resource (xiii, 615 p.). |
| 490 0# - SERIES STATEMENT | |
| Series statement | Blackwell companions to philosophy ; |
| 700 1# - ADDED ENTRY--PERSONAL NAME | |
| Personal name | Lepore, Ernie. |
| Personal name | Ludwig, Kirk. |
| 856 40 - ELECTRONIC LOCATION AND ACCESS | |
| Uniform Resource Identifier | http://site.ebrary.com/lib/rucke/Doc?id=10719121 |
| 588 ## - | |
| -- | Description based on online resource; title from title page (ebrary, viewed June 28, 2013). |
No items available.
